000 01563nam a22003737a 4500
001 BR8901925
003 BR-BrBNA
005 20230928093205.0
007 ta
008 230509b bl.||||| |||| 00| 0 por d
040 _aBR-BrBNA
_bpor
_cBiblioteca Nacional de Agricultura
041 _a(Por)
072 _aL73
_b5212
_b4150
_b/G514
090 _ 5212 BR8901925
100 1 _aPituco, E.M.
110 1 _aUniversidade de Sao Paulo, Sao Paulo (Brasil). Faculdade de Medicina Veterinaria e Zootecnia
_0Tese (Mestrado)
245 1 _aOcorrencia da rinotraqueite infecciosa dos bovinos/vulvovaginite pustular infecciosa (IBR/IPV)em rebanhos bovinos criados nos Estados de Sao Paulo, Rio Grande do Sul, Parana e Minas Gerais. Utilizacao das reacoes sorologicas de microssoroneutralizacao microhemaglutinacao passiva e de imunofluorescencia indireta para deteccao de anticorpos anti-herpes virus bovino-1
246 1 _aInfectious bovine rhinotracheitis/infectious pustular vulvovaginits (IBR/IPV)in bovine herds bred in the states of Sao Paulo, Rio Grande do Sul, Parana and Minas Gerais
260 3 _aSao Paulo, SP (Brasil):
_c1988.
300 _a77 p.
500 _aSummaries (Eng, Por); Bibliography p. 65-74 (56 ref.); 9 illus.; 10 tables
650 _aBOVINO
650 _aRINOTRAQUEITE
650 _aVIRUS
650 _aVULVOVAGINITE
650 _aSORO
650 _aANTICORPO
650 _aSAO PAULO
650 _aRIO GRANDE DO SUL
650 _aPARANA
650 _aMINAS GERAIS
909 _a202309
_bLucia
_c55
_dLucia Elande
942 _cBK
999 _c43517
_d43517